000 00479 a2200193 4500
001 065970
003 OSt
005 20251210145429.0
008
082 _a001.434
_bM76D
100 1 _aMontgomery, Douglas C.
245 1 _aDesign and analysis of experiments
_cBy Douglas C. Montgomery
250 _a5th ed.
260 _aIndia
_bWiley
_c2010
300 _a684p.
500 _aEnglish
690 _aExperimental design
942 _2ddc
_cBK
999 _c191
_d191